000 00459nam a2200181Ia 4500
001 9218
005 20260306160707.0
008 260306t1995||||xx |||||||||||||| ||spa||
041 _aESP
082 _a375.49
_bT78
100 _aTrahtemberg Siederer, León
_eAUT
245 0 _aLa educación en la era de la tecnología y el conocimiento
260 _c1995
300 _a183 páginas :
_ccm.
650 _aGEN
654 _aCED
942 _cLIB
_dJUS
_fJUS
_2ddc
_n
999 _c9218
_d9218